| 000 | 00651nam a2200181Ia 4500 | ||
|---|---|---|---|
| 003 | IN-BaIIA | ||
| 008 | 211028s9999 xx 000 0 eng d | ||
| 040 | _cIIA Library | ||
| 080 |
_a550.3(047.1) _bGEO |
||
| 245 | 0 |
_aGeophysical measurements _bvol. 1, techniques, observational schedules and treatment of data _cedited by Minnis C. M. |
|
| 260 |
_aCambridge _bMIT Press _c1968 |
||
| 300 | _axviii, 398p. | ||
| 490 | _aAnnals of the IQSY international years of the quiet sun | ||
| 650 | _aAstronomy and astrophysics thesaurus | ||
| 650 |
_aGeophysics _954 |
||
| 700 |
_aMinnis C. M., ed. _95555 |
||
| 942 | _cBK | ||
| 999 |
_c3127 _d3127 |
||